Energy Use of Municipal Waste by Waste-to-energy Technologies: Case Study of Slovakia
Kvantifikácia energetického potenciálu komunálneho odpadu na Slovensku, likvidovaného na skládkach a zhodnotenie možných alternatívnych spôsobov jeho využitia s využitím technológií na energetické využitie odpadu, a to spaľovaním, anaeróbnou digesciou a tvorbou skládkového plynu.
Na minha lista:
| Autor principal: | |
|---|---|
| Outros Autores: | , |
| Formato: | Capítulo de Livro |
| Idioma: | inglês |
| Assuntos: | |
| Tags: |
Sem tags, seja o primeiro a adicionar uma tag!
|
MARC
| LEADER | 00000naa a2200000 4500 | ||
|---|---|---|---|
| 001 | 0313410 | ||
| 005 | 20260113080138.1 | ||
| 041 | 0 | |a eng | |
| 044 | |a TR | ||
| 245 | 1 | 0 | |a Energy Use of Municipal Waste by Waste-to-energy Technologies: Case Study of Slovakia |c Slavomíra Stašková, Martin Staško, Stanislav Szabo |
| 520 | |a Kvantifikácia energetického potenciálu komunálneho odpadu na Slovensku, likvidovaného na skládkach a zhodnotenie možných alternatívnych spôsobov jeho využitia s využitím technológií na energetické využitie odpadu, a to spaľovaním, anaeróbnou digesciou a tvorbou skládkového plynu. | ||
| 610 | 2 | 0 | |a odpad |
| 610 | 2 | 0 | |a odpad komunálny |
| 610 | 2 | 0 | |a odpadky |
| 610 | 2 | 0 | |a využitie energie |
| 610 | 2 | 0 | |a využitie odpadu |
| 610 | 2 | 0 | |a energia |
| 610 | 2 | 0 | |a energia zelená |
| 610 | 2 | 0 | |a Slovensko |
| 610 | 2 | 0 | |a technológie nové |
| 610 | 2 | 0 | |a hospodárstvo obehové |
| 610 | 2 | 0 | |a zdroje energie obnoviteľné |
| 100 | 1 | |a Stašková, Slavomíra, 1989- | |
| 700 | 1 | |a Staško, Martin, 1984- | |
| 700 | 1 | |a Szabo, Stanislav, 1970- | |